000 05523nam a22005537a 4500
005 20110722155411.0
010 _aB-424199-223 B-477247
020 _a9780140126198
_c299.00
035 _aB-424199-223 B-477247
037 _bResearchco Book Centre
037 _bK.K.Pub/Ven
082 _aN
100 _aKhushwant Singh
_950907
245 _aDelhi /
_cby Khushwant Singh
260 _aNew Delhi
_bPenguin Books
_c1990
270 _a11 Community Centre, Panchsheel Park,
_bNew Delh
_e110017
300 2 _a391p. .
_c19cm(pbk)
500 _aIncludes bibliographical references
650 _aNovel
_9904
942 _2ddc
_cEN
_mKHU
_hN
999 _c54254
_d54254